00492nam a2200133 a 450000100100000000500170001000800410002704000250006808200150009324501300010826000590023830000280029770000330032500004505420201002045835.0150130s1988 dr a 000 0 spa d aDO-SdBNPbspacBNPHU axxxxbxxxx00aBiología moderna 4 :bcuarto curso, educación media /cdirección pegagógica: Psicólogo Héctor Manuel Rodríguez. aSanto Domingo :bSusaeta Ediciones Dominicanas,c1988. a206 p. :bil. ;c25 cm.12aRodríguez, Héctor Manuel